000 00698nam a2200181Ia 4500
008 100921s9999 xx 000 0 und d
082 _b30904
_a891.461 थ 97
100 _aकुसुमाग्रज (शिरवाडकर वि.वा.).
245 _aमराठी माती.
260 _bकाँन्टीनेंटल बुक सर्व्हीस,पुणे.
_c1997
300 _a150
_bमयुरेष बुक एजन्सी,कराड
365 _b50
520 _aललित-काव्य.
630 _aमराठी माती.
650 _aललित-काव्य.
730 _aमराठी माती.
942 _cBOOK
999 _c780017
_d780014